[Event "TCh-FRA Top 12 2017"]
[Site "Chartres FRA"]
[Date "2017.05.20"]
[Round "3.3"]
[Board "5"]
[White "Ouakhir, Pierre Mehdi"]
[Black "Bellahcene, Bilel"]
[Result "1/2-1/2"]
[WhiteTitle "CM"]
[BlackTitle "IM"]
[WhiteElo "2277"]
[BlackElo "2452"]
[WhiteTeam "Echecs Club MONTPELLIER"]
[BlackTeam "TREMBLAY EN FRANCE"]
[WhiteFideId "9000437"]
[BlackFideId "696358"]
[EventDate "2017.05.18"]

1. d4 Nf6 2. Bg5 Ne4 3. h4 d5 4. Nd2 Nxg5 5. hxg5 g6 6. e3 Bg7 7. f4 c6 8. Qf3
a5 9. g4 e6 10. Rh2 Nd7 11. Qh1 Nf8 12. Ngf3 Bd7 13. Bd3 c5 14. c3 cxd4 15. exd4
Qc7 16. Ne5 Bxe5 17. fxe5 Qd8 18. Rf2 Qxg5 19. Qf3 O-O-O 20. Qxf7 h5 21. Qf6
Qe3+ 22. Be2 Nh7 23. Qxg6 Rdg8 24. Qd3 Qxd3 25. Bxd3 hxg4 26. Bxh7 Rxh7 27.
O-O-O Rhg7 28. Rg1 g3 29. Rfg2 Bb5 30. Nf1 Bxf1 31. Rxf1 Kd7 32. Kd2 b5 33. Ke3
b4 34. Rfg1 Kc6 35. Rf1 Kb5 36. Kd3 Kc6 37. Rf3 Rg6 38. Ke3 Kb5 39. Kd3 Kc6 40.
Ke3 1/2-1/2

[Event "TCh-FRA Top 12 2017"]
[Site "Chartres FRA"]
[Date "2017.05.20"]
[Round "3.3"]
[Board "7"]
[White "Dubois, Marie"]
[Black "Boudiba, Mahfoud"]
[Result "0-1"]
[BlackTitle "IM"]
[WhiteElo "1965"]
[BlackElo "2409"]
[WhiteTeam "Echecs Club MONTPELLIER"]
[BlackTeam "TREMBLAY EN FRANCE"]
[WhiteFideId "20643039"]
[BlackFideId "7900015"]
[EventDate "2017.05.18"]

1. d4 d5 2. c4 e6 3. Nc3 c5 4. cxd5 exd5 5. Nf3 Nc6 6. dxc5 d4 7. Na4 Bxc5 8.
Nxc5 Qa5+ 9. Bd2 Qxc5 10. Rc1 Qd6 11. e3 dxe3 12. Bxe3 Qxd1+ 13. Rxd1 Be6 14.
Bb5 Ne7 15. Bc5 a6 16. Bxc6+ Nxc6 17. Ng5 Rd8 18. O-O Rxd1 19. Rxd1 Bxa2 20. Ne4
h5 21. Nd6+ Kf8 22. Nxb7+ Kg8 23. Rd6 Rh6 24. Rxh6 gxh6 25. f4 Kg7 26. Kf2 Bd5
27. Nd6 Kg6 28. g3 Kf6 29. Ke3 Ke6 30. b4 Ne7 31. Kd3 Bc6 32. h3 Bg2 33. g4 Bxh3
34. f5+ Kd7 35. Nxf7 Bxg4 36. Ne5+ Kd8 37. f6 Ng6 38. Nf7+ Ke8 39. Nxh6 Be6 40.
Ke4 h4 41. Nf5 Kf7 42. Bd4 Bd7 43. Nh6+ Ke6 44. Kf3 Kd5 45. Bc5 Be6 46. Ng4 a5
47. Ne3+ Kc6 48. Nc2 Bf7 49. Bd4 Bb3 50. Na1 Bd5+ 51. Kg4 axb4 52. Nc2 Kb5 53.
Nxb4 Kxb4 54. Kf5 h3 55. Bg1 Nh8 56. Bh2 Nf7 57. Kg4 Be6+ 58. Kh5 Bf5 59. Kh4
Kc4 60. Kg3 Kd3 61. Bg1 Ke2 62. Ba7 Be6 63. Bd4 Ng5 64. Bb6 Ne4+ 65. Kh2 Nd2 66.
f7 Nf1+ 67. Kg1 h2+ 0-1

[Event "TCh-FRA Top 12 2017"]
[Site "Chartres FRA"]
[Date "2017.05.20"]
[Round "3.4"]
[Board "3"]
[White "Brunner, Nicolas"]
[Black "Palac, Mladen"]
[Result "1/2-1/2"]
[WhiteTitle "IM"]
[BlackTitle "GM"]
[WhiteElo "2459"]
[BlackElo "2573"]
[WhiteTeam "VANDOEUVRE Echecs"]
[BlackTeam "NICE Alekhine"]
[WhiteFideId "620246"]
[BlackFideId "14500116"]
[EventDate "2017.05.18"]

1. d4 Nf6 2. c4 g6 3. Nc3 d5 4. Bf4 Bg7 5. e3 O-O 6. cxd5 Nxd5 7. Nxd5 Qxd5 8.
Bxc7 Na6 9. Bxa6 Qxg2 10. Qf3 Qxf3 11. Nxf3 bxa6 12. Rc1 a5 13. Bxa5 Bb7 14. Ke2
Ba6+ 15. Kd2 Bb7 16. Ke2 Ba6+ 17. Kd2 Bb7 1/2-1/2

[Event "TCh-FRA Top 12 2017"]
[Site "Chartres FRA"]
[Date "2017.05.20"]
[Round "3.4"]
[Board "5"]
[White "Bailet, Pierre"]
[Black "Demuth, Adrien"]
[Result "1/2-1/2"]
[WhiteTitle "IM"]
[BlackTitle "GM"]
[WhiteElo "2519"]
[BlackElo "2542"]
[WhiteTeam "VANDOEUVRE Echecs"]
[BlackTeam "NICE Alekhine"]
[WhiteFideId "655830"]
[BlackFideId "642274"]
[EventDate "2017.05.18"]

1. e4 e5 2. Nf3 Nc6 3. Bb5 a6 4. Ba4 Nf6 5. O-O Bc5 6. c3 b5 7. Bb3 d6 8. a4 Bg4
9. d3 O-O 10. Bg5 Rb8 11. axb5 axb5 12. h3 Bxf3 13. Qxf3 h6 14. Bh4 g5 15. Bg3
Kg7 16. Nd2 Qd7 17. Rfe1 g4 18. hxg4 Nxg4 19. Nf1 Ne7 20. Ne3 h5 21. Nf5+ Nxf5
22. exf5 Qd8 23. Re4 Qg5 24. d4 exd4 25. cxd4 Bb6 26. Rae1 Ba5 27. f6+ Qxf6 28.
Rf4 Qg6 29. Re7 Nh6 30. Bh4 Rbe8 31. Bf6+ Kg8 32. Bc2 Qxc2 33. Qg3+ Ng4 34.
Rxg4+ hxg4 35. Qxg4+ Qg6 36. Qxg6+ fxg6 37. Rg7+ 1/2-1/2

[Event "TCh-FRA Top 12 2017"]
[Site "Chartres FRA"]
[Date "2017.05.20"]
[Round "3.5"]
[Board "1"]
[White "Degraeve, Jean-Marc"]
[Black "Kryvoruchko, Yuriy"]
[Result "1/2-1/2"]
[WhiteTitle "GM"]
[BlackTitle "GM"]
[WhiteElo "2592"]
[BlackElo "2714"]
[WhiteTeam "Les Tours de Haute Picardie, SAINT QUENTIN"]
[BlackTeam "GRASSE Echecs"]
[WhiteFideId "600270"]
[BlackFideId "14109182"]
[EventDate "2017.05.18"]

1. e4 e5 2. Nf3 Nc6 3. Bc4 Bc5 4. O-O Nf6 5. d3 O-O 6. Nbd2 d6 7. c3 a5 8. a4
Ne7 9. Re1 Ng6 10. Nf1 c6 11. h3 h6 12. Ng3 d5 13. Ba2 dxe4 14. dxe4 Qb6 15. Qc2
Re8 16. Be3 Bxe3 17. Rxe3 Be6 18. Bxe6 1/2-1/2

[Event "TCh-FRA Top 12 2017"]
[Site "Chartres FRA"]
[Date "2017.05.20"]
[Round "3.5"]
[Board "2"]
[White "Areshchenko, Alexander"]
[Black "Neiksans, Arturs"]
[Result "1/2-1/2"]
[WhiteTitle "GM"]
[BlackTitle "GM"]
[WhiteElo "2677"]
[BlackElo "2599"]
[WhiteTeam "GRASSE Echecs"]
[BlackTeam "Les Tours de Haute Picardie, SAINT QUENTIN"]
[WhiteFideId "14109530"]
[BlackFideId "11601388"]
[EventDate "2017.05.18"]

1. e4 e5 2. Nf3 Nc6 3. Bb5 a6 4. Ba4 Nf6 5. O-O Be7 6. Re1 b5 7. Bb3 d6 8. c3
O-O 9. h3 Bb7 10. d4 Nd7 11. Nbd2 exd4 12. cxd4 Bf6 13. Nf1 Na5 14. Bc2 Re8 15.
Rb1 c5 16. d5 Nc4 17. b3 Nce5 18. N3h2 Ng6 19. Bd2 Bg5 20. Ne3 Nf6 21. Nf5 Bxd2
22. Qxd2 Bc8 23. Ng3 h5 24. Re3 1/2-1/2

[Event "TCh-FRA Top 12 2017"]
[Site "Chartres FRA"]
[Date "2017.05.20"]
[Round "3.5"]
[Board "3"]
[White "David, Alberto"]
[Black "Dorfman, Iossif"]
[Result "1/2-1/2"]
[WhiteTitle "GM"]
[BlackTitle "GM"]
[WhiteElo "2548"]
[BlackElo "2560"]
[WhiteTeam "Les Tours de Haute Picardie, SAINT QUENTIN"]
[BlackTeam "GRASSE Echecs"]
[WhiteFideId "4000013"]
[BlackFideId "604011"]
[EventDate "2017.05.18"]

1. e4 c6 2. Nc3 d5 3. Nf3 Bg4 4. h3 Bxf3 5. Qxf3 Nf6 6. d3 e6 7. a3 Nbd7 8. Be2
Bd6 9. d4 dxe4 10. Nxe4 Nxe4 11. Qxe4 Nf6 12. Qf3 Qa5+ 13. c3 Qd5 14. O-O O-O-O
15. Re1 Qxf3 16. Bxf3 h6 17. Bd2 Rhe8 18. Re2 e5 19. dxe5 Rxe5 20. Rxe5 Bxe5 21.
Be3 a6 22. Re1 Re8 23. Kf1 Kc7 24. Bd1 Re6 25. Bb3 Nd5 26. Bc1 g5 27. g3 Bd6 28.
Rd1 Rf6 29. Bxd5 cxd5 30. Ke2 1/2-1/2

[Event "TCh-FRA Top 12 2017"]
[Site "Chartres FRA"]
[Date "2017.05.20"]
[Round "3.5"]
[Board "6"]
[White "Libiszewski, Fabien"]
[Black "Sumets, Andrey"]
[Result "1/2-1/2"]
[WhiteTitle "GM"]
[BlackTitle "GM"]
[WhiteElo "2544"]
[BlackElo "2566"]
[WhiteTeam "GRASSE Echecs"]
[BlackTeam "Les Tours de Haute Picardie, SAINT QUENTIN"]
[WhiteFideId "616834"]
[BlackFideId "14105500"]
[EventDate "2017.05.18"]

1. e4 e6 2. d4 d5 3. Nc3 Nf6 4. e5 Nfd7 5. f4 c5 6. Nf3 Nc6 7. Be3 cxd4 8. Nxd4
Bc5 9. Qd2 O-O 10. O-O-O a6 11. Nb3 b6 12. h4 Bb7 13. Nxc5 bxc5 14. Nxd5 exd5
15. Qxd5 Qa5 16. Qxd7 Nb4 17. Bc4 Be4 18. a3 Nxc2 19. Qd2 Qa4 20. Bd3 Nxa3 21.
Bxe4 Qxe4 22. Qd3 Qc4+ 23. Qxc4 Nxc4 24. Rh3 Rfc8 1/2-1/2

[Event "TCh-FRA Top 12 2017"]
[Site "Chartres FRA"]
[Date "2017.05.20"]
[Round "3.5"]
[Board "7"]
[White "Relange, Eloi"]
[Black "Apicella, Manuel"]
[Result "1/2-1/2"]
[WhiteTitle "GM"]
[BlackTitle "GM"]
[WhiteElo "2464"]
[BlackElo "2515"]
[WhiteTeam "Les Tours de Haute Picardie, SAINT QUENTIN"]
[BlackTeam "GRASSE Echecs"]
[WhiteFideId "600822"]
[BlackFideId "600164"]
[EventDate "2017.05.18"]

1. d4 e6 2. c4 Nf6 3. Nf3 d5 4. g3 Be7 5. Bg2 O-O 6. O-O dxc4 7. Qc2 a6 8. a4
Bd7 9. Qxc4 Bc6 10. Bg5 Nbd7 11. Nc3 h6 12. Bd2 Ne4 13. Bf4 Nb6 14. Qd3 Nxc3 15.
bxc3 Nxa4 16. c4 b5 17. Qc2 Nb6 18. cxb5 Bxb5 19. Bxc7 Qc8 20. Rfc1 Nd5 21. Ba5
Qxc2 22. Rxc2 Rac8 23. Rb2 Bd8 1/2-1/2

[Event "TCh-FRA Top 12 2017"]
[Site "Chartres FRA"]
[Date "2017.05.20"]
[Round "3.6"]
[Board "1"]
[White "Laznicka, Viktor"]
[Black "Ragger, Markus"]
[Result "1/2-1/2"]
[WhiteTitle "GM"]
[BlackTitle "GM"]
[WhiteElo "2672"]
[BlackElo "2680"]
[WhiteTeam "C.E. de BOIS COLOMBES"]
[BlackTeam "BISCHWILLER"]
[WhiteFideId "316385"]
[BlackFideId "1610856"]
[EventDate "2017.05.18"]

1. d4 Nf6 2. c4 g6 3. Nf3 Bg7 4. e3 O-O 5. Be2 d5 6. cxd5 Nxd5 7. O-O Nb6 8. Nc3
Nc6 9. h3 a5 10. Qd2 e5 11. d5 Nb4 12. e4 f5 13. Ng5 fxe4 14. Ne6 Bxe6 15. dxe6
Qe7 16. Nxe4 Qxe6 17. Bg4 Qc6 18. Ng5 Rae8 19. Qc3 h6 20. Qxc6 Nxc6 21. Ne6 Rf7
22. Be3 Nc4 23. Rac1 Nxe3 24. fxe3 Rxf1+ 25. Kxf1 h5 26. Nxg7 Kxg7 27. Bd7 Rf8+
28. Ke2 Nb8 29. Ba4 c6 30. Rc5 b5 31. Bc2 Kf6 32. a4 bxa4 33. Rxa5 Rf7 34. Rxa4
Rb7 35. b3 g5 36. Ra1 Ke6 37. Bd3 Kd6 38. Bc4 Rg7 39. Rd1+ Ke7 40. Rf1 Nd7 41.
Rf5 Rg6 42. Rf7+ Kd6 43. Bd3 Re6 44. Bf5 Re7 45. Rxe7 Kxe7 46. Bxd7 Kxd7 47. Kd3
c5 48. Ke4 Ke6 49. g3 g4 50. hxg4 hxg4 51. Kd3 Kd5 52. e4+ Kd6 53. Kc3 Kc7 54.
Kc4 Kd6 1/2-1/2

[Event "TCh-FRA Top 12 2017"]
[Site "Chartres FRA"]
[Date "2017.05.20"]
[Round "3.6"]
[Board "2"]
[White "Rodshtein, Maxim"]
[Black "Bachmann, Axel"]
[Result "1/2-1/2"]
[WhiteTitle "GM"]
[BlackTitle "GM"]
[WhiteElo "2698"]
[BlackElo "2646"]
[WhiteTeam "BISCHWILLER"]
[BlackTeam "C.E. de BOIS COLOMBES"]
[WhiteFideId "2806851"]
[BlackFideId "3700488"]
[EventDate "2017.05.18"]

1. d4 Nf6 2. c4 e6 3. Nf3 Bb4+ 4. Nbd2 O-O 5. a3 Be7 6. e4 d6 7. Be2 Nbd7 8. O-O
e5 9. b4 exd4 10. Nxd4 Re8 11. f3 a5 12. N2b3 axb4 13. axb4 Rxa1 14. Nxa1 Bf8
15. Nac2 c6 16. Kh1 Ne5 17. Be3 c5 18. Nb3 b6 19. Nd2 g6 20. bxc5 bxc5 21. Na3
Nc6 22. Nb5 Be6 23. Nb1 Ne5 24. N1a3 Qb6 25. Bg5 Ned7 26. Nc2 h6 27. Bh4 Nh5 28.
Qd2 Ne5 29. Nca3 g5 30. Bg3 Ra8 31. Bxe5 dxe5 32. g3 Nf6 33. Nb1 Ra1 34. Qb2 Qa5
35. N5a3 Rxa3 36. Qxa3 Qb4 37. Qxb4 cxb4 38. Nd2 g4 39. fxg4 Nxg4 40. Ra1 Nf2+
41. Kg2 Bc5 42. g4 Be3 43. Ra8+ Kg7 44. Rb8 Kf6 45. Nf1 Bd4 46. Ng3 Nxg4 47.
Bxg4 Bxg4 48. Rxb4 Kg5 49. Rb1 Be6 50. Rc1 Be3 51. Rc2 Bc5 52. Ne2 f5 53. exf5
Kxf5 54. Ng3+ Kf4 55. Rc3 e4 56. Ne2+ Ke5 57. Kg3 e3 58. Kf3 h5 59. Rxe3+ 1/2-1/2

[Event "TCh-FRA Top 12 2017"]
[Site "Chartres FRA"]
[Date "2017.05.20"]
[Round "3.6"]
[Board "3"]
[White "Cornette, Matthieu"]
[Black "Maze, Sebastien"]
[Result "1/2-1/2"]
[WhiteTitle "GM"]
[BlackTitle "GM"]
[WhiteElo "2593"]
[BlackElo "2619"]
[WhiteTeam "C.E. de BOIS COLOMBES"]
[BlackTeam "BISCHWILLER"]
[WhiteFideId "620084"]
[BlackFideId "613762"]
[EventDate "2017.05.18"]

1. e4 e5 2. Nf3 Nc6 3. Bb5 Nf6 4. O-O Nxe4 5. Re1 Nd6 6. Nxe5 Be7 7. Bf1 Nxe5 8.
Rxe5 O-O 9. Nc3 Ne8 10. Nd5 Bd6 11. Re1 c6 12. Ne3 Be7 13. c4 Nc7 14. d4 d5 15.
cxd5 Bb4 16. Bd2 Bxd2 17. Qxd2 Nxd5 18. Nxd5 Qxd5 19. Re5 Qd6 20. Bc4 Bd7 21.
Qc3 Rae8 22. Rae1 Rxe5 1/2-1/2

[Event "TCh-FRA Top 12 2017"]
[Site "Chartres FRA"]
[Date "2017.05.20"]
[Round "3.6"]
[Board "4"]
[White "Bacrot, Etienne"]
[Black "Koziak, Vitali"]
[Result "1/2-1/2"]
[WhiteTitle "GM"]
[BlackTitle "IM"]
[WhiteElo "2696"]
[BlackElo "2507"]
[WhiteTeam "BISCHWILLER"]
[BlackTeam "C.E. de BOIS COLOMBES"]
[WhiteFideId "605506"]
[BlackFideId "14102234"]
[EventDate "2017.05.18"]

1. e4 e5 2. Nf3 Nc6 3. Bb5 a6 4. Ba4 Nf6 5. O-O Be7 6. Re1 b5 7. Bb3 O-O 8. c3
d6 9. h3 Nb8 10. d4 Nbd7 11. Nbd2 Bb7 12. Bc2 Re8 13. Nf1 Bf8 14. Ng3 c5 15. d5
g6 16. b3 Qc7 17. c4 Bg7 18. Be3 Bc8 19. a4 b4 20. Qd2 Nf8 21. Rf1 h5 22. Rae1
N8h7 23. Nh1 Qe7 24. Qc1 Ra7 25. Re2 Qf8 26. Nh2 Qe7 27. f4 exf4 28. Bxf4 Nd7
29. Nf3 Ne5 30. Ng5 Nf6 31. Qe1 Nh7 32. Qg3 Bh6 33. Nf3 Bxf4 34. Qxf4 Nxf3+ 35.
Rxf3 Qe5 36. Qd2 Rae7 37. Nf2 1/2-1/2

[Event "TCh-FRA Top 12 2017"]
[Site "Chartres FRA"]
[Date "2017.05.21"]
[Round "4.1"]
[Board "1"]
[White "Navara, David"]
[Black "Jobava, Baadur"]
[Result "1/2-1/2"]
[WhiteTitle "GM"]
[BlackTitle "GM"]
[WhiteElo "2739"]
[BlackElo "2713"]
[WhiteTeam "MULHOUSE Philidor"]
[BlackTeam "TREMBLAY EN FRANCE"]
[WhiteFideId "309095"]
[BlackFideId "13601520"]
[EventDate "2017.05.18"]

1. d4 d5 2. c4 c6 3. Nf3 Nf6 4. Nc3 dxc4 5. a4 a5 6. Ne5 Na6 7. e4 Be6 8. Bxc4
Bxc4 9. Nxc4 e6 10. O-O Be7 11. e5 Nd5 12. Qg4 Kf8 13. Ne4 Nac7 14. Ned6 b6 15.
Ra3 h5 16. Rh3 g6 17. Qe4 Kg8 18. Rg3 Qf8 19. f4 h4 20. Rg4 Bxd6 21. Nxd6 Ne8
22. Nxf7 Qxf7 23. f5 Ng7 24. fxe6 Qxe6 25. Rxg6 Qe8 26. e6 Ra7 27. Bh6 Rh7 28.
Qxh4 Re7 29. Qg5 Nc7 30. Rff6 Qd8 31. Qg4 Qd5 32. h3 c5 33. dxc5 Qxc5+ 34. Kh1
Qe5 35. Qf3 Qe1+ 36. Kh2 Qe5+ 37. Bf4 Qd5 38. Qa3 Qd8 39. Bd6 Rxe6 40. Rf8+ Qxf8
41. Rxe6 Qd8 42. Re7 Nce8 43. Be5 Qd5 44. Qg3 Kf8 45. Qg5 Qc6 46. Ra7 Kg8 47.
Re7 Kf8 48. Ra7 Kg8 49. b3 Qe6 50. Re7 Qc6 51. Qf4 Ne6 52. Qg4+ N6g7 53. b4 axb4
54. Qf4 Nh5 55. Qg4+ Nhg7 56. Qxb4 Rh6 57. Qb3+ Kh7 58. Ra7 Qe4 59. Ba1 Rg6 60.
Qf3 Qxf3 61. gxf3 Rc6 62. a5 bxa5 63. Bxg7 Nxg7 64. Rxa5 Kg6 65. h4 Nf5 66. f4
Rc2+ 67. Kh3 Rc3+ 68. Kg2 1/2-1/2

[Event "TCh-FRA Top 12 2017"]
[Site "Chartres FRA"]
[Date "2017.05.21"]
[Round "4.1"]
[Board "3"]
[White "Gajewski, Grzegorz"]
[Black "Piorun, Kacper"]
[Result "1/2-1/2"]
[WhiteTitle "GM"]
[BlackTitle "GM"]
[WhiteElo "2634"]
[BlackElo "2638"]
[WhiteTeam "MULHOUSE Philidor"]
[BlackTeam "TREMBLAY EN FRANCE"]
[WhiteFideId "1116207"]
[BlackFideId "1130420"]
[EventDate "2017.05.18"]

1. d4 d5 2. c4 c5 3. cxd5 Qxd5 4. Nf3 cxd4 5. Nc3 Qa5 6. Nxd4 Nf6 7. g3 e5 8.
Nb3 Qc7 9. Bg2 Bb4 10. Bd2 O-O 11. Nb5 Qc4 12. Na3 Bxa3 13. bxa3 Nc6 14. Qc1 Be6
15. Qxc4 Bxc4 16. Rc1 Bd5 17. Bxd5 Nxd5 18. e4 Nde7 19. Ke2 f6 20. Be3 Kf7 21.
Rc4 Rfc8 22. Rhc1 b6 23. a4 Ke6 24. a5 Kd7 25. axb6 axb6 26. a4 Ra6 27. Bc5 Nd8
28. Bxe7 Rxc4 29. Rxc4 Kxe7 30. Rc7+ Kf8 31. Rc4 1/2-1/2

[Event "TCh-FRA Top 12 2017"]
[Site "Chartres FRA"]
[Date "2017.05.21"]
[Round "4.1"]
[Board "6"]
[White "Abergel, Thal"]
[Black "Ider, Borya"]
[Result "1/2-1/2"]
[WhiteTitle "GM"]
[BlackTitle "IM"]
[WhiteElo "2457"]
[BlackElo "2456"]
[WhiteTeam "TREMBLAY EN FRANCE"]
[BlackTeam "MULHOUSE Philidor"]
[WhiteFideId "614890"]
[BlackFideId "4901134"]
[EventDate "2017.05.18"]

1. Nf3 d5 2. g3 Nf6 3. Bg2 e6 4. O-O b5 5. d4 Bb7 6. c3 c5 7. a4 b4 8. cxb4 cxb4
9. a5 Be7 10. Bg5 O-O 11. Bxf6 gxf6 12. Nbd2 Nd7 13. Re1 Rc8 14. e3 Rc7 15. Bf1
f5 1/2-1/2

[Event "TCh-FRA Top 12 2017"]
[Site "Chartres FRA"]
[Date "2017.05.21"]
[Round "4.1"]
[Board "7"]
[White "Sokolov, Andrei1"]
[Black "Battaglini, Gabriel"]
[Result "1/2-1/2"]
[WhiteTitle "GM"]
[BlackTitle "IM"]
[WhiteElo "2505"]
[BlackElo "2475"]
[WhiteTeam "MULHOUSE Philidor"]
[BlackTeam "TREMBLAY EN FRANCE"]
[WhiteFideId "627089"]
[BlackFideId "621650"]
[EventDate "2017.05.18"]

1. e4 e6 2. d4 d5 3. Nd2 Nc6 4. Ngf3 Nf6 5. e5 Nd7 6. Nb3 Be7 7. Bb5 a5 8. a4
Na7 9. Be2 b6 10. h4 c5 11. h5 Nc6 12. h6 g6 13. c3 O-O 14. O-O cxd4 15. cxd4
Nb4 16. Be3 f6 17. Rc1 Bb7 18. Bb5 Ba6 19. Bxa6 Rxa6 20. exf6 Bxf6 21. Qe2 Nb8
22. Bg5 Bxg5 23. Qxe6+ Kh8 24. Nxg5 Qxg5 25. Rc8 Qxh6 26. Qf6+ Kg8 27. Qe6+ Kh8
28. Qf6+ Kg8 29. Qe6+ Kh8 30. Qf6+ 1/2-1/2

[Event "TCh-FRA Top 12 2017"]
[Site "Chartres FRA"]
[Date "2017.05.21"]
[Round "4.2"]
[Board "2"]
[White "Brochet, Philippe"]
[Black "Areshchenko, Alexander"]
[Result "1/2-1/2"]
[WhiteTitle "IM"]
[BlackTitle "GM"]
[WhiteElo "2409"]
[BlackElo "2677"]
[WhiteTeam "Echecs Club MONTPELLIER"]
[BlackTeam "GRASSE Echecs"]
[WhiteFideId "602469"]
[BlackFideId "14109530"]
[EventDate "2017.05.18"]

1. e4 c5 2. Nc3 d6 3. d4 cxd4 4. Qxd4 Nc6 5. Bb5 Bd7 6. Bxc6 bxc6 7. e5 Qb6 8.
Qf4 dxe5 9. Qxe5 f6 10. Qe4 e5 11. Nf3 Qb4 12. Qe2 Be6 13. O-O Bc4 14. Qe4 Bd5
15. Qe2 Bc4 16. Qe4 1/2-1/2

[Event "TCh-FRA Top 12 2017"]
[Site "Chartres FRA"]
[Date "2017.05.21"]
[Round "4.2"]
[Board "3"]
[White "Dorfman, Iossif"]
[Black "Ouakhir, Pierre Mehdi"]
[Result "1/2-1/2"]
[WhiteTitle "GM"]
[BlackTitle "CM"]
[WhiteElo "2560"]
[BlackElo "2277"]
[WhiteTeam "GRASSE Echecs"]
[BlackTeam "Echecs Club MONTPELLIER"]
[WhiteFideId "604011"]
[BlackFideId "9000437"]
[EventDate "2017.05.18"]

1. d4 d5 2. Nf3 Nf6 3. c4 e6 4. g3 c6 5. Nbd2 Nbd7 6. Bg2 Bd6 7. O-O O-O 8. Re1
Re8 9. e4 dxe4 10. Nxe4 Nxe4 11. Rxe4 e5 12. dxe5 Nxe5 13. Nxe5 Bxe5 14. Qxd8
Rxd8 15. Bg5 Bf6 16. Bxf6 gxf6 17. b4 Be6 18. b5 Rac8 19. Rf4 Kg7 20. bxc6 bxc6
21. c5 Bd5 22. Rg4+ Kf8 23. Ra4 Bxg2 24. Kxg2 Rc7 25. Rc1 Rd5 26. Rc3 Kg7 27.
Rg4+ Kf8 28. Ra4 Kg7 29. Rca3 Rxc5 30. Rxa7 Rxa7 31. Rxa7 Rc3 32. a4 c5 33. a5
c4 34. a6 Ra3 1/2-1/2

[Event "TCh-FRA Top 12 2017"]
[Site "Chartres FRA"]
[Date "2017.05.21"]
[Round "4.2"]
[Board "6"]
[White "Touzane, Olivier"]
[Black "Libiszewski, Fabien"]
[Result "1/2-1/2"]
[WhiteTitle "IM"]
[BlackTitle "GM"]
[WhiteElo "2277"]
[BlackElo "2544"]
[WhiteTeam "Echecs Club MONTPELLIER"]
[BlackTeam "GRASSE Echecs"]
[WhiteFideId "602906"]
[BlackFideId "616834"]
[EventDate "2017.05.18"]

1. d4 Nf6 2. Bg5 d5 3. e3 e6 4. Nd2 Be7 5. Bd3 b6 6. c3 Bb7 7. Ngf3 Nbd7 8. O-O
h6 9. Bf4 Ne4 10. Ne5 Nxe5 11. Bxe5 f6 12. Bxe4 dxe4 13. Qh5+ Kd7 14. Bg3 g5 15.
f4 exf3 16. gxf3 Qe8 17. Qh3 h5 18. e4 Qg8 19. Rad1 g4 20. fxg4 hxg4 21. Qg2 Rd8
22. Qe2 Kc8 23. Rf4 e5 24. dxe5 fxe5 25. Qxg4+ Qxg4 26. Rxg4 Rd3 27. Bxe5 Rhd8
28. Bf4 Bxe4 1/2-1/2

[Event "TCh-FRA Top 12 2017"]
[Site "Chartres FRA"]
[Date "2017.05.21"]
[Round "4.3"]
[Board "1"]
[White "Rodshtein, Maxim"]
[Black "Wojtaszek, Radoslaw"]
[Result "1/2-1/2"]
[WhiteTitle "GM"]
[BlackTitle "GM"]
[WhiteElo "2698"]
[BlackElo "2734"]
[WhiteTeam "BISCHWILLER"]
[BlackTeam "CLICHY Echecs 92"]
[WhiteFideId "2806851"]
[BlackFideId "1118358"]
[EventDate "2017.05.18"]

1. d4 Nf6 2. c4 e6 3. g3 d5 4. Bg2 dxc4 5. Nf3 c5 6. O-O Nc6 7. dxc5 Qxd1 8.
Rxd1 Bxc5 9. Nbd2 c3 10. bxc3 O-O 11. Nb3 Be7 12. Nfd4 1/2-1/2

[Event "TCh-FRA Top 12 2017"]
[Site "Chartres FRA"]
[Date "2017.05.21"]
[Round "4.3"]
[Board "3"]
[White "Ragger, Markus"]
[Black "Fressinet, Laurent"]
[Result "1/2-1/2"]
[WhiteTitle "GM"]
[BlackTitle "GM"]
[WhiteElo "2680"]
[BlackElo "2668"]
[WhiteTeam "BISCHWILLER"]
[BlackTeam "CLICHY Echecs 92"]
[WhiteFideId "1610856"]
[BlackFideId "608742"]
[EventDate "2017.05.18"]

1. d4 d5 2. c4 c6 3. Nf3 Nf6 4. e3 Bf5 5. Nc3 a6 6. Qb3 b5 7. c5 a5 8. Ne5 g6 9.
Nxb5 a4 10. Qb4 Nfd7 11. Nc3 Nxe5 12. dxe5 Nd7 13. Nxa4 Nxe5 14. Bd2 Nd7 15. Be2 1/2-1/2

[Event "TCh-FRA Top 12 2017"]
[Site "Chartres FRA"]
[Date "2017.05.21"]
[Round "4.3"]
[Board "5"]
[White "Maze, Sebastien"]
[Black "Tregubov, Pavel V."]
[Result "1/2-1/2"]
[WhiteTitle "GM"]
[BlackTitle "GM"]
[WhiteElo "2619"]
[BlackElo "2584"]
[WhiteTeam "BISCHWILLER"]
[BlackTeam "CLICHY Echecs 92"]
[WhiteFideId "613762"]
[BlackFideId "4115341"]
[EventDate "2017.05.18"]

1. d4 d5 2. Nf3 c6 3. Bf4 Bf5 4. e3 e6 5. c4 Bd6 6. Bg3 Nf6 7. Nc3 O-O 8. Qb3
Bxg3 9. hxg3 Qb6 10. Nh4 Be4 11. c5 Qc7 12. f3 Bg6 13. g4 Nbd7 14. O-O-O e5 15.
Nxg6 fxg6 16. Kb1 exd4 17. exd4 Rfe8 18. Bd3 Nf8 19. Ne4 Re7 20. Bc2 b6 21. g5
N6d7 22. Nc3 Rae8 23. Be4 bxc5 24. Bxd5+ Kh8 25. Be4 cxd4 26. Rxd4 Qe5 27. Qd1
Qxg5 28. Bxc6 Rb8 29. Bxd7 Rxd7 30. Rxd7 Nxd7 31. Qe2 Nf6 32. Rd1 h6 33. Qd2 Qa5
34. Qd4 Kh7 35. Qd3 Rb7 36. Qc2 Qc5 37. Nd5 Qd6 38. Nc3 Qc5 39. Qd3 Rd7 40. Qe2
Re7 41. Qd2 Rd7 42. Qc1 Qf5+ 43. Ka1 Rxd1 44. Qxd1 h5 45. a4 g5 46. Nb5 g4 47.
Nd4 Qd7 48. Qc2+ 1/2-1/2